[Event "Lippe Cup-C 08th"]
[Site "Lieme"]
[Date "2011.10.30"]
[Round "4"]
[White "Goerner, Benedikt Aidan"]
[Black "Rast, Matthias"]
[Result "1-0"]
[WhiteElo "1107"]
[BlackElo "1175"]
[PlyCount "65"]
[EventDate "2011.10.28"]
[EventType "swiss"]
[EventRounds "5"]
[EventCountry "GER"]
[SourceTitle "EXT 2012"]
[Source "ChessBase"]
[SourceDate "2011.11.24"]
[SourceVersion "1"]
[SourceVersionDate "2011.11.24"]
[SourceQuality "1"]

1. d4 Nf6 2. c4 d6 3. Nc3 g6 4. Nf3 Bg7 5. e4 0-0 6. Be2 Nbd7 7. 0-0 e5 8. Be3 Ng4 9. Bg5 f6 10. h3 Nxf2 11. Rxf2 fxg5 12. Qb3 exd4 13. Nd5 Nc5 14. Qc2 d3 15. Bxd3 Nxd3 16. Qxd3 g4 17. hxg4 Bxg4 18. Raf1 Bxf3 19. Rxf3 Rxf3 20. Rxf3 Bxb2 21. Qb3 Bd4+ 22. Ne3 Bxe3+ 23. Rxe3 b6 24. Rh3 c5 25. Qd3 Kg7 26. Qc3+ Qf6 27. Rxh7+ Kxh7 28. Qxf6 Kh6 29. Qxd6 Kg7 30. Qe7+ Kh6 31. e5 a5 32. e6 a4 33. Qb7 1-0